000
00289nam a2200121Ia 4500
005
20251222141857.0
008
251222s9999||||xx |||||||||||||| ||spa||
082
_a
510/C86C
100
_a
Coveñas, Manuel
245
0
_a
Club de Profesores de Matemática
264
_b
Coveñas
942
_c
LIB
999
_c
7918
_d
7918